Modelling the hydrology of watershed by using HEC-HMS (Record no. 15106)
[ view plain ]
| 000 -LEADER | |
|---|---|
| fixed length control field | 00777nam a22001817a 4500 |
| 003 - CONTROL NUMBER IDENTIFIER | |
| control field | OSt |
| 088 ## - REPORT NUMBER | |
| Report number | T 357 |
| 100 ## - MAIN ENTRY--AUTHOR NAME | |
| Personal name | MAKKENA JYOTHI |
| 245 ## - TITLE STATEMENT | |
| Title | Modelling the hydrology of watershed by using HEC-HMS |
| 260 ## - PUBLICATION, DISTRIBUTION, ETC. (IMPRINT) | |
| Place of publication | Tavanur 2016 |
| Name of publisher | DEPARTMENT OF IRRIGATION AND DRAINAGE ENGINEERING |
| 300 ## - PHYSICAL DESCRIPTION | |
| Number of Pages | 121 |
| 500 ## - GENERAL NOTE | |
| General note | Modelling the hydrology of watershed by using HEC-HMS |
| 520 ## - SUMMARY, ETC. | |
| Summary, etc | HEC-HMS uses separate mathematical models to represent each component of the runoff process, like models to compute runoff volume, models to compute direct runoff and base flow.thuthapuzha subbasin of bharathapuzha |
| 700 ## - ADDED ENTRY--PERSONAL NAME | |
| Personal name | Er. Vishnu B (Guide) |
| 856 ## - ELECTRONIC LOCATION AND ACCESS | |
| Uniform Resource Identifier | https://drive.google.com/open?id=1sWtiyaNAQDRoj7gS_kDHNdtzBLwDi4f2 |
| 942 ## - ADDED ENTRY ELEMENTS (KOHA) | |
| Koha item type | Theses |
| Collection code | Home library | Current library | Shelving location | Full call number | Accession Number | Koha item type | Public note |
|---|---|---|---|---|---|---|---|
| Reference | KAUAET | KAUAET | Reference | 631.587 MAK/MO | T 357 | Theses | M.Tech Thesis |
